000 00657nam a2200229Ia 4500
003 OSt
005 20220923211627.0
006 a|||||r|||| 00| 0
007 ta
008 220922b |||||||| |||| 00| 0 hin d
024 _a26,354
037 _cTextual
040 _aARTS
_cARTS
_bhin
041 _2hin
_ahin
082 _aQ2:5xNYO, 152M0.1-.2
100 _aयोगेश्वरानन्द
_9161072
245 0 _aव्याख्यान माला
246 _aVyākhyān mālā
260 _c1980
942 _hQ2:5xNYO, 152M0.1-.2
_cTEXL
_2CC
999 _c301682
_d301682